000 02106nam a22003497a 4500
001 103507
003 KnowledgeUnlatched
005 20210303105125.0
006 m o d
007 cr u||||||||||
008 210129p20182019xx o u00| u ger d
037 _5BiblioBoard
245 0 0 _aBiografien bedeutender österreichischer Wissenschafterinnen
_b"Die Neugier treibt mich, Fragen zu stellen" /
_cIlse Korotin.
020 _a9783205205883
029 1 _ahttps://library.biblioboard.com/ext/api/media/398e119a-fc25-4fe7-a029-b6911a98b731/assets/thumbnail.jpg
040 _aScCtBLL
_cScCtBLL
506 0 _aAccess copy available to the general public.
_fUnrestricted
_2star
700 1 _aKorotin, Ilse
_eeditor.
264 1 _bBöhlau,
300 _a1 online resource (994 p.)
520 _a"This volume follows the results of the dictionary  ""Wissenschafterinnen in und aus Österreich. Leben - Werk - Wirken"" from 2002, in which the field of activities of the first generation of female scientists at austrian universities and in non-university workplaces were researched among other things. The present collection is now mostly focused on woman-specific acting of female scientists after 1945 (years of birth between 1930 and 1950, including an addition of earlier years). The emphasis in terms of time furthermore includes theoretical and personnel effects of the second feminist movement, developed in universities in the 1970s out of woman-specific problems in the fields of science."
588 0 _aDescription based on print version record.
590 _aKU Open Services
650 7 _aHistory
_2bisacsh
650 0 _aHistory
655 0 _aElectronic books.
758 _iIs found in:
_aKnowledge Unlatched
_1https://openresearchlibrary.org/module/2774bc74-146a-484f-a7ba-ab1d6a09bbfb
856 4 0 _uhttps://openresearchlibrary.org/content/398e119a-fc25-4fe7-a029-b6911a98b731
_zView this content on Open Research Library.
_70
999 _c33675
_d33675